Multiple Choice State Quiz – Florida - Statistics

General Stats
  • This quiz has been taken 15 times
  • The average score is 9 of 10
Answer Stats
Question Answer % Correct
What state borders Florida? Alabama
100%
Florida is bordered to the west by what large body of water? Gulf of Mexico
100%
What is the capital of Florida? Tallahassee
100%
What is Florida's Nickname? The Sunshine State
100%
What is the flag of Florida?
92%
What is the large lake in the center of the Florida Peninsula? Lake Okeechobee
92%
Which European power colonized Florida first? Spanish
92%
The Florida Keys are one of Florida's most well-known locations. But which of these places aren't in the Florida Keys? Kennedy Space Center
77%
Which of these National Parks aren't located in Florida? Congaree
62%
What is the largest city in Florida? Jacksonville
62%
No matching quizzes found
Score Distribution
Percent of People with Each Score
Percentile by Number Answered
Your Score History
You have not taken this quiz